Statistiken für Präsidenten Polens seit 1916 - mit Bild

Klicken Sie hier um das Quiz zu spielen!

Allgemein

  • Dieses Quiz wurde 15 mal gespielt
  • Das Durchschnittsergebnis liegt bei 7 aus 37

Antwortstatistiken

Antwort% Korrekt
Lech Wałęsa
71%
Andrzej Duda
64%
Lech Kaczyński
64%
Józef Piłsudski
57%
Bronisław Komorowski
36%
Gabriel Narutowicz
36%
Aleksander Kwaśniewski
29%
Ignacy Mościcki
29%
Wojciech Jaruzelski
29%
Bolesław Bierut
21%
Maciej Rataj
21%
Stanisław Wojciechowski
21%
Tadeusz Komorowski
21%
Władysław Anders
21%
Edward Ochab
14%
Grzegorz Schetyna
14%
Józef Cyrankiewicz
14%
Roman Odzierzyński
14%
Ryszard Kaczorowski
14%
Stanisław Mglej
14%
Wacław Niemojowski
14%
Zdzisław Lubomirski
14%
Aleksander Kakowski
7%
Aleksander Zawadzki
7%
Alfred Urbański
7%
Bogdan Borusewicz
7%
Henryk Jabłoński
7%
Józef Ostrowski
7%
Kazimierz Sabbat
7%
Marian Spychalski
7%
Tomasz Arciszewski
7%
Władysław Raczkiewicz
7%
August Zaleski
0%
Bolesław Wieniawa-Długoszowski
0%
Edward Raczyński
0%
Stanisław Kopański
0%
Stanisław Ostrowski
0%

Verteilung der Resultate

Perzentil nach korrekt beantworteten Fragen

Anzahl Personen mit jedem Resultat

Ihre Resultats-Entwicklung

Sie haben dieses Quiz noch nicht gespielt